Unit 4 AP euro - Statistics

General Stats
  • This quiz has been taken 41 times
  • The average score is 5 of 8
Answer Stats
Hint Answer % Correct
Created Calculus and known for his 3 laws of motion Isaac Newton
100%
An intellectual and cultural movement in the eighteenth century that emphasized reason over superstition and science over blind faith Enlightenment
84%
Copernicus idea, replaced the geocentric view of the solar system Heliocentric
81%
Wrote The Wealth of Nations , also known as father of modern capitalism Adam Smith
71%
Man who had the idea that all persons are endowed with natural rights to life, liberty, and property and that rulers who fail to protect those rights may be removed by the people, by force if necessary John Locke
65%
Unprecedented increase in agricultural production from better labor and land productivity Agricultural revolution
48%
Logical approach where you go from broad ideas to specific conclusions Deductive reasoning
42%
An aesthetic attitude based on the art of Greece and Rome in antiquity, which invokes harmony, clarity, restraint, universality, and idealism in art, expressed new enlightenment ideas Neoclassicism
29%
No matching quizzes found
Score Distribution
Percent of People with Each Score
Percentile by Number Answered
Your Score History
You have not taken this quiz